[Event "EU-ch Amateur Online 1700/2000"]
[Site "Tornelo INT"]
[Date "2021.04.24"]
[Round "4"]
[White "Skiadopoulos, Nikolaos"]
[Black "Schroeder, Justin"]
[Result "1-0"]
[WhiteElo "1941"]
[BlackElo "1646"]
[PlyCount "67"]
[EventDate "2021.04.24"]
[EventType "swiss (rapid)"]
[EventRounds "8"]
[EventCountry "NET"]
[SourceTitle "EXT 2023"]
[Source "ChessBase"]
[SourceDate "2022.10.05"]
[SourceVersion "1"]
[SourceVersionDate "2022.10.05"]
[SourceQuality "1"]

1. e4 c5 2. b4 cxb4 3. a3 e6 4. axb4 Bxb4 5. c3 Be7 6. d4 Nf6 7. Bd3 d5 8. e5 Nfd7 9. Ne2 a6 10. 0-0 f6 11. Nf4 Nf8 12. Qh5+ Kd7 13. exf6 Bxf6 14. Nxd5 exd5 15. Qxd5+ Ke7 16. Ba3+ Ke8 17. Re1+ Ne6 18. Rxe6+ Bxe6 19. Qxe6+ Be7 20. Nd2 Nc6 21. Re1 Qd7 22. Qb3 b5 23. d5 Ra7 24. c4 Kd8 25. dxc6 Qxc6 26. cxb5 axb5 27. Bxe7+ Rxe7 28. Rxe7 Kxe7 29. Bxb5 Qc1+ 30. Nf1 Rb8 31. Qd3 g6 32. Qd7+ Kf8 33. Qd6+ Kg7 34. Qxb8 1-0

[Event "Berlin Lichtenberger op 16th"]
[Site "Berlin"]
[Date "2017.08.24"]
[Round "6"]
[White "Gnass, Erhard"]
[Black "Schroeder, Justin"]
[Result "0-1"]
[WhiteElo "1466"]
[BlackElo "1647"]
[PlyCount "82"]
[EventDate "2017.08.19"]
[EventType "swiss"]
[EventRounds "9"]
[EventCountry "GER"]
[SourceTitle "CBM 180 Extra"]
[Source "ChessBase"]
[SourceDate "2017.10.06"]
[SourceVersion "1"]
[SourceVersionDate "2017.10.06"]
[SourceQuality "1"]

1. Nf3 d5 2. d4 Bf5 3. g3 e6 4. Bg2 c6 5. 0-0 Nd7 6. Nc3 h6 7. Bf4 g5 8. Bd2 Be7 9. Re1 g4 10. Ne5 Nxe5 11. dxe5 Qc7 12. Bf4 0-0-0 13. e3 h5 14. Ne2 h4 15. c3 Rd7 16. Qa4 a6 17. Nd4 Qb6 18. Qb3 Qxb3 19. axb3 hxg3 20. Bxg3 Bh4 21. Rac1 Ne7 22. c4 Be4 23. cxd5 Bxd5 24. b4 Bxg2 25. Kxg2 Kb8 26. f4 gxf3+ 27. Nxf3 Bxg3 28. hxg3 Ng6 29. Rcd1 Rhd8 30. Rxd7 Rxd7 31. Rh1 Kc7 32. Rh5 Kb6 33. Kf2 Kb5 34. Ke2 Kxb4 35. Rg5 c5 36. Nd2 Kb5 37. Ne4 Kc6 38. Nf6 Rd8 39. Kf3 Rd2 40. Ne4 Rxb2 41. Nd6 Nxe5+ 0-1